000 00661nam a2200181Ia 4500
005 20260129121057.0
008 260128s9999 xx 000 0 und d
020 _a9780521526982
082 _a331.89294
_bHAI
100 _aHaimson, Leopold
245 0 _aStrikes, Wars, and Revolutions in an International Perspective /
_cHaimson, Leopold; Haimson, Leopold H.; Tilly, Charles
260 _bCambridge University Press,
_c2002
300 _a4 pages
520 _aThis 1989 book contains essays on labour conflicts in major industrialized countries before, during and after World War I.
650 _aHistory
700 _aTilly, Charles
942 _cENGLISH
999 _c609399
_d609399